000 00711nam a22002057a 4500
999 _c9406
_d9406
003 AR-CdUCM
008 190328b ||||| |||| 00| 0 spa d
040 _aMUNICIPALIDAD PROVINCIAL DEL CUSCO
_cBIBLIOTECA MUNICIPAL DEL CUSCO
082 _a220.526 /
_bI5
245 _a¿Imaynatq runaq sonqonri? :
_b¿cómo es el corazón del hombre? /
260 _aCusco :
_bSociedades bíblicas unidas,
_c2002.
300 _a39 páginas ;
_c16.5 cm.
500 _aEdición bilingüe Quechua-Castellano.
505 _aContenido: Citas bíblicas.
650 _aPasajes bíblicos
_925578
650 _aBiblia - Quechua
_925579
710 _aIglesia Evangélica Peruana
_925580
942 _2ddc
_cLIBROS
945 _alccs